Hľadá sa vizáž štátu

Hľadanie vizuálnej identity štátu. Súťaž o logo slovenského predsedníctva v Rade Európskej únie na budúci rok. Zapojenie širokej verejnosti. Vyjadrenia dizajnérov k súťaži. Vizuálne logá Holandska, Poľska, Nemecka. Odmena pre víťaza súťaže. Nedostatočná komunikácia medzi štátom a dizajnérmi. Chýbajú...

Description complète

Enregistré dans:
Détails bibliographiques
Auteur principal: Garaj, Patrik
Format: Chapitre de livre
Langue:slovaque
Sujets:
Tags: Ajouter un tag
Pas de tags, Soyez le premier à ajouter un tag!

MARC

LEADER 00000naa a2200000 4500
001 0199787
005 20231113103057.7
041 0 |a slo 
044 |a SK 
245 1 0 |a Hľadá sa vizáž štátu  |c Patrik Garaj 
520 |a Hľadanie vizuálnej identity štátu. Súťaž o logo slovenského predsedníctva v Rade Európskej únie na budúci rok. Zapojenie širokej verejnosti. Vyjadrenia dizajnérov k súťaži. Vizuálne logá Holandska, Poľska, Nemecka. Odmena pre víťaza súťaže. Nedostatočná komunikácia medzi štátom a dizajnérmi. Chýbajúca platforma. Inšpirácia z Česka. 
610 2 0 |a logo 
610 2 0 |a imidž 
610 2 0 |a identita 
610 2 0 |a štát 
610 2 0 |a dizajn 
610 2 0 |a dizajnéri 
610 2 0 |a súťaž verejná 
610 2 0 |a Slovensko 
100 1 |a Garaj, Patrik